[Event "DEM U12/U12w 2009"]
[Site "Willingen GER"]
[Date "2009.06.02"]
[Round "5"]
[White "Oltmanns, Bianca"]
[Black "Genath, Maren"]
[Result "1-0"]
[Termination "normal"]
[Board "46"]
[WhiteElo "1234"]
[BlackElo "924"]
[PlyCount "73"]
[WhiteFideId "24698008"]
[EventCountry "GER"]
[EventRounds "11"]
[EventType "swiss"]
[EventDate "2009.05.30"]

1. e4 e5 2. Bc4 Nf6 3. d3 Bc5 4. Bg5 Nc6 5. Nf3 d6 6. c3 Bg4 7. h3 Bh5 8. g4
Bg6 9. Nbd2 h6 10. Bh4 a6 11. Qe2 Qe7 12. O-O-O O-O-O 13. Nb3 Bb6 14. Rhe1 Bh7
15. Bg3 d5 16. exd5 Nxd5 17. Nxe5 Rhe8 18. Rd2 f6 19. Nxc6 bxc6 20. Bxa6+ Kb8
21. Bc4 Qxe2 22. Rexe2 f5 23. f3 Be3 24. Na5 Rd7 25. Nxc6+ Ka8 26. Kc2 f4 27.
Bxd5 Rxd5 28. Bxf4 Bxf4 29. Rxe8+ Kb7 30. Nd8+ Kb6 31. Rd1 Bg6 32. Re6+ Rd6 33.
Rxd6+ Bxd6 34. Ne6 Bf7 35. Nxg7 Bxa2 36. b3 Be5 37. Nf5 1-0

[Event "DEM U12/U12w 2009"]
[Site "Willingen GER"]
[Date "2009.06.02"]
[Round "5"]
[White "Müller, Max"]
[Black "Koch, Elisabeth"]
[Result "0-1"]
[Termination "normal"]
[Board "47"]
[WhiteElo "962"]
[BlackElo "1301"]
[PlyCount "98"]
[WhiteFideId "12900486"]
[BlackFideId "24695068"]
[EventCountry "GER"]
[EventRounds "11"]
[EventType "swiss"]
[EventDate "2009.05.30"]

1. e4 e5 2. Nf3 Nc6 3. g3 Nf6 4. d3 Bc5 5. Bg2 d5 6. exd5 Nxd5 7. O-O O-O 8. c4
Ndb4 9. Ne1 Bf5 10. Be3 Bb6 11. c5 Ba5 12. Nc3 Nxd3 13. Nxd3 Bxd3 14. Re1 Bxc3
15. bxc3 e4 16. Qb3 Na5 17. Qb4 c6 18. Bxe4 Bxe4 19. Qxe4 Re8 20. Qg4 Qf6 21.
Bd2 Rad8 22. Bg5 Qxc3 23. Rxe8+ Rxe8 24. Qd1 Qxc5 25. Be3 Qb5 26. Qd7 Rf8 27.
Rd1 a6 28. Bf4 Nc4 29. Bd6 Nxd6 30. Rxd6 c5 31. Qe7 h6 32. Rd8 Rxd8 33. Qxd8+
Kh7 34. Qe7 f6 35. f4 Qb1+ 36. Kg2 Qxa2+ 37. Kh3 c4 38. Qf7 b5 39. f5 Qa3 40.
Qg6+ Kg8 41. Qe8+ Qf8 42. Qe6+ Kh7 43. Qxa6 Qc5 44. g4 b4 45. Qa8 Qe3+ 46. Kg2
c3 47. Qa1 c2 48. Qb2 c1=Q 49. Qxc1 Qxc1 0-1

[Event "DEM U12/U12w 2009"]
[Site "Willingen GER"]
[Date "2009.06.02"]
[Round "5"]
[White "Gaßmann, Linda"]
[Black "Sadjjadi, Anahita"]
[Result "1-0"]
[Termination "normal"]
[Board "48"]
[WhiteElo "1143"]
[BlackElo "1010"]
[PlyCount "57"]
[WhiteFideId "12900451"]
[EventCountry "GER"]
[EventRounds "11"]
[EventType "swiss"]
[EventDate "2009.05.30"]

1. e4 d5 2. exd5 Qxd5 3. Nc3 Qa5 4. d4 c6 5. Bc4 e6 6. Nf3 Qd8 7. Bf4 b5 8. Bb3
a5 9. a4 b4 10. Ne4 Nf6 11. Qd3 Ba6 12. Qe3 Be7 13. Nfd2 h6 14. f3 O-O 15. g4
Nxe4 16. Nxe4 Bh4+ 17. Ng3 Bxg3+ 18. Bxg3 Nd7 19. O-O-O Qg5 20. Qxg5 hxg5 21.
h4 Bb7 22. Rdf1 Nf6 23. hxg5 Nh7 24. Bf4 Rad8 25. Rh3 Rxd4 26. Be3 Rd7 27. Rfh1
f6 28. g6 Ng5 29. Rh8# 1-0

[Event "DEM U12/U12w 2009"]
[Site "Willingen GER"]
[Date "2009.06.02"]
[Round "5"]
[White "Velkina, Elina"]
[Black "Wagner, Swenja"]
[Result "1-0"]
[Termination "normal"]
[Board "49"]
[WhiteElo "1113"]
[BlackElo "833"]
[PlyCount "77"]
[WhiteFideId "1271679"]
[BlackFideId "12900494"]
[EventCountry "GER"]
[EventRounds "11"]
[EventType "swiss"]
[EventDate "2009.05.30"]

1. e4 e5 2. Nf3 Nc6 3. Bc4 Bc5 4. c3 Nf6 5. d3 d6 6. Nbd2 Bg4 7. Nf1 O-O 8. Bb3
h6 9. Ng3 Qd7 10. h3 Bh5 11. O-O Na5 12. Bc2 Rfe8 13. b4 Bb6 14. bxa5 Bxa5 15.
Bb2 Qc6 16. Qd2 Bxf3 17. gxf3 Qd7 18. Kg2 d5 19. Qe3 Qc6 20. d4 b5 21. a3 exd4
22. Qxd4 Bb6 23. Qd3 Rad8 24. Qe2 Re5 25. c4 Rg5 26. cxd5 Qd7 27. f4 Nh5 28.
Qf3 Bxf2 29. fxg5 Bxg3 30. Qxh5 Kh7 31. e5+ Kg8 32. gxh6 Qxd5+ 33. Kxg3 f6 34.
Bh7+ Kxh7 35. hxg7+ Kxg7 36. exf6+ Kf8 37. Qh8+ Kf7 38. Qg7+ Ke6 39. Qe7# 1-0

[Event "DEM U12/U12w 2009"]
[Site "Willingen GER"]
[Date "2009.06.03"]
[Round "6"]
[White "Yankelevich, Lev"]
[Black "Svane, Rasmus"]
[Result "1-0"]
[Termination "normal"]
[Board "1"]
[WhiteElo "1898"]
[BlackElo "2034"]
[PlyCount "115"]
[WhiteFideId "24684074"]
[BlackFideId "4657101"]
[EventCountry "GER"]
[EventRounds "11"]
[EventType "swiss"]
[EventDate "2009.05.30"]

1. e4 c5 2. Nf3 g6 3. d4 Bg7 4. c4 Qb6 5. Nc3 cxd4 6. Nd5 Qa5+ 7. b4 Qd8 8. Bb2
e6 9. Bxd4 f6 10. Ne3 d6 11. Be2 Ne7 12. O-O O-O 13. Qb3 Nbc6 14. Bc3 Bd7 15.
Rfd1 Qc7 16. Rd2 Rad8 17. Rad1 Bc8 18. b5 Ne5 19. Nxe5 dxe5 20. Bb4 Rxd2 21.
Rxd2 Rd8 22. Rxd8+ Qxd8 23. Qa3 Kf7 24. Qxa7 Qd4 25. Qa3 Bf8 26. Qd3 Bg7 27.
Bc3 Qb6 28. Bb4 Qd4 29. Bc3 Qb6 30. Nc2 Qa7 31. a3 b6 32. Qd8 Bf8 33. Bb4 Qa4
34. Ne3 Bb7 35. f3 Qa7 36. Ng4 Qa8 37. Qxb6 Bxe4 38. fxe4 Qxe4 39. Qf2 Bg7 40.
Bxe7 Kxe7 41. Qa7+ Kf8 42. Qb8+ Kf7 43. Qc7+ Kf8 44. Qd8+ Kf7 45. Qd3 Qxd3 46.
Bxd3 f5 47. Nf2 e4 48. Bxe4 fxe4 49. Nxe4 Ke7 50. Kf1 Kd7 51. Ke2 Bd4 52. Kd3
Ba7 53. c5 Bb8 54. g3 h5 55. a4 Bc7 56. Kc4 Ba5 57. Ng5 Bd2 58. Nf3 1-0

[Event "DEM U12/U12w 2009"]
[Site "Willingen GER"]
[Date "2009.06.03"]
[Round "6"]
[White "Lampert, Jonas"]
[Black "Wagner, Dennis"]
[Result "0-1"]
[Termination "normal"]
[Board "2"]
[WhiteElo "1977"]
[BlackElo "2024"]
[PlyCount "94"]
[WhiteFideId "1303759"]
[BlackFideId "24650684"]
[EventCountry "GER"]
[EventRounds "11"]
[EventType "swiss"]
[EventDate "2009.05.30"]

1. e4 e5 2. Nf3 Nc6 3. Bc4 Bc5 4. O-O d6 5. c3 Nf6 6. d4 Bb6 7. dxe5 Nxe5 8.
Nxe5 dxe5 9. Qxd8+ Kxd8 10. Bg5 Ke7 11. Nd2 h6 12. Bh4 g5 13. Bg3 Nd7 14. Bb3
f6 15. Nc4 Nc5 16. Bc2 Be6 17. Nxb6 axb6 18. a3 Bb3 19. Bxb3 Nxb3 20. Rad1 Rhd8
21. f3 Nd2 22. Rfe1 Nc4 23. Rxd8 Rxd8 24. b3 Nxa3 25. Ra1 Nb5 26. c4 Nd4 27.
Ra7 Nxb3 28. Rxb7 Kd6 29. Ra7 Kc6 30. Ra4 Rd1+ 31. Kf2 Na5 32. Ke2 Rd4 33. h4
Rxc4 34. Rxc4+ Nxc4 35. Kd3 Nd6 36. hxg5 hxg5 37. Be1 Kb5 38. g3 c5 39. Bd2 c4+
40. Ke3 Ka4 41. f4 gxf4+ 42. gxf4 Kb3 43. fxe5 fxe5 44. Bc1 b5 45. Bd2 b4 46.
Bc1 Kc2 47. Bd2 c3 0-1

[Event "DEM U12/U12w 2009"]
[Site "Willingen GER"]
[Date "2009.06.03"]
[Round "6"]
[White "Zimmermann, Christian"]
[Black "Xu, Xianliang"]
[Result "0-1"]
[Termination "normal"]
[Board "3"]
[WhiteElo "1655"]
[BlackElo "1921"]
[PlyCount "42"]
[WhiteFideId "24692069"]
[BlackFideId "4603230"]
[EventCountry "GER"]
[EventRounds "11"]
[EventType "swiss"]
[EventDate "2009.05.30"]

1. e4 c5 2. Nf3 Nc6 3. d4 cxd4 4. Nxd4 g6 5. Nc3 Bg7 6. Be3 Nf6 7. Bc4 d6 8. f3
O-O 9. Bb3 Bd7 10. Qd2 a5 11. O-O-O Qb8 12. g4 a4 13. Bxa4 Nxd4 14. Bxd7 Nxf3
15. Qg2 Nxd7 16. Qxf3 Bxc3 17. bxc3 Rxa2 18. Bh6 Ne5 19. Qe2 Rc8 20. Rhf1 Nc4
21. Kb1 Qa7 0-1

[Event "DEM U12/U12w 2009"]
[Site "Willingen GER"]
[Date "2009.06.03"]
[Round "6"]
[White "Brinkmann, Fabian"]
[Black "Schuhmacher, Jakob"]
[Result "0-1"]
[Termination "normal"]
[Board "5"]
[WhiteElo "1601"]
[BlackElo "1650"]
[PlyCount "80"]
[WhiteFideId "24661414"]
[BlackFideId "4612787"]
[EventCountry "GER"]
[EventRounds "11"]
[EventType "swiss"]
[EventDate "2009.05.30"]

1. d4 Nf6 2. Bf4 e6 3. e3 c5 4. c3 b6 5. Nf3 Bb7 6. Nbd2 Be7 7. Bd3 Nh5 8. Bg3
Nxg3 9. hxg3 h6 10. Qc2 Nc6 11. O-O-O Rc8 12. Kb1 cxd4 13. exd4 Nb4 14. Qb3
Nxd3 15. Rhf1 O-O 16. Qb5 Nxb2 17. Qxb2 Qc7 18. Rc1 b5 19. Ka1 Qa5 20. Nb3 Qa4
21. Qb1 Ba3 22. Rc2 Be4 23. Re1 Bxc2 24. Qxc2 Bb4 25. Re3 Rc7 26. Nfd2 Rfc8 27.
Nb1 Ba5 28. Kb2 b4 29. Nc5 Qxc2+ 30. Kxc2 bxc3 31. Nxc3 d6 32. N5a4 Bxc3 33.
Nxc3 Rc4 34. Rd3 Kf8 35. Kd2 Ke7 36. d5 e5 37. a3 Rb8 38. Ke3 Rb3 39. Ne4 Rxd3+
40. Kxd3 Rd4+ 0-1

[Event "DEM U12/U12w 2009"]
[Site "Willingen GER"]
[Date "2009.06.03"]
[Round "6"]
[White "Bonk, Andras"]
[Black "Abrahamyan, Arsen"]
[Result "1/2-1/2"]
[Termination "normal"]
[Board "6"]
[WhiteElo "1759"]
[BlackElo "1573"]
[PlyCount "120"]
[WhiteFideId "24692123"]
[BlackFideId "1271755"]
[EventCountry "GER"]
[EventRounds "11"]
[EventType "swiss"]
[EventDate "2009.05.30"]

1. e4 e6 2. d4 d5 3. exd5 exd5 4. Bd3 Bd6 5. c3 Nf6 6. Nf3 Bg4 7. O-O O-O 8.
Bg5 Nbd7 9. Nbd2 h6 10. Bh4 c6 11. Qc2 Re8 12. Rfe1 Qc7 13. Bg3 Bxg3 14. hxg3
Re6 15. Rxe6 Bxe6 16. Re1 Qa5 17. Nb3 Qc7 18. Ne5 Nxe5 19. Rxe5 Ng4 20. Re1 b6
21. Bf5 Bxf5 22. Qxf5 Nf6 23. Nd2 Qd7 24. Qxd7 Nxd7 25. Nf3 Kf8 26. Nh4 g6 27.
Kf1 Nf6 28. Nf3 Nd7 29. g4 Re8 30. g5 h5 31. g3 Rxe1+ 32. Nxe1 Ke7 33. Nd3 Ke6
34. Ke2 Kf5 35. f4 Ke4 36. Nf2+ Kf5 37. Kf3 f6 38. gxf6 Nxf6 39. Nd3 Nd7 40.
Nb4 Nb8 41. a4 a5 42. Nd3 Nd7 43. b4 Ke6 44. g4 hxg4+ 45. Kxg4 Kf6 46. Ne5 Nb8
47. Kg3 Kf5 48. bxa5 bxa5 49. Kf3 g5 50. fxg5 Kxg5 51. Nf7+ Kf6 52. Nd8 Kf5 53.
Nb7 Nd7 54. Nxa5 Nb6 55. Ke3 Nxa4 56. c4 dxc4 57. Nxc4 Ke6 58. Kd2 Kd5 59. Kd3
Nc5+ 60. dxc5 Kxc5 1/2-1/2

[Event "DEM U12/U12w 2009"]
[Site "Willingen GER"]
[Date "2009.06.03"]
[Round "6"]
[White "Blübaum, Matthias"]
[Black "Koop, Thorben"]
[Result "1-0"]
[Termination "normal"]
[Board "7"]
[WhiteElo "2051"]
[BlackElo "1735"]
[PlyCount "137"]
[WhiteFideId "24651516"]
[BlackFideId "24661619"]
[EventCountry "GER"]
[EventRounds "11"]
[EventType "swiss"]
[EventDate "2009.05.30"]

1. d4 Nf6 2. c4 c5 3. d5 b5 4. cxb5 a6 5. b6 d6 6. Nc3 Nbd7 7. e4 g6 8. Nf3 Bg7
9. Be2 O-O 10. a4 Qxb6 11. Nd2 Qb7 12. a5 Ne8 13. O-O Nc7 14. Nc4 Nb5 15. Na4
Rb8 16. Nab6 Nxb6 17. Nxb6 Bd7 18. Rb1 Rfd8 19. Be3 e6 20. Bc4 e5 21. f4 f6 22.
fxe5 fxe5 23. Qd3 Rf8 24. Bg5 Rbe8 25. Rxf8+ Bxf8 26. Rf1 Bg7 27. Rf2 Rf8 28.
Rxf8+ Bxf8 29. Qf1 Be8 30. Qf6 Bf7 31. Qd8 Nc7 32. Bh6 Ne8 33. Bxf8 Kxf8 34.
Qa8 Qe7 35. Qxa6 Qh4 36. Bf1 Qxe4 37. Qd3 Qb4 38. Qc3 Qe4 39. Bc4 Qb1+ 40. Kf2
Qf5+ 41. Qf3 Qc2+ 42. Qe2 Qf5+ 43. Ke3 Qf4+ 44. Kd3 Qd4+ 45. Kc2 Nc7 46. a6
Nxa6 47. Bxa6 c4 48. Nxc4 Qxd5 49. Nd2 Qc6+ 50. Kd1 Qa4+ 51. Ke1 Qa1+ 52. Kf2
Qxb2 53. h3 Qd4+ 54. Qe3 Qb2 55. Be2 Qa2 56. Kg1 Qe6 57. Nf3 Qe7 58. Qg5 Qa7+
59. Kh2 Kg7 60. Qd8 Qc5 61. Qe7 Kg8 62. Ng5 Bd5 63. Nxh7 Bf7 64. Ng5 Bd5 65.
Bf3 Bb3 66. Qf6 Qc2 67. Be4 Qc7 68. Bxg6 e4 69. Bh7+ 1-0

[Event "DEM U12/U12w 2009"]
[Site "Willingen GER"]
[Date "2009.06.03"]
[Round "6"]
[White "Schröder, Jan-Christian"]
[Black "Peil, Christoph"]
[Result "1/2-1/2"]
[Termination "normal"]
[Board "8"]
[WhiteElo "1820"]
[BlackElo "1756"]
[PlyCount "41"]
[WhiteFideId "24662259"]
[BlackFideId "24651800"]
[EventCountry "GER"]
[EventRounds "11"]
[EventType "swiss"]
[EventDate "2009.05.30"]

1. e4 c5 2. Nf3 e6 3. d4 cxd4 4. Nxd4 Nc6 5. Nc3 Nf6 6. Ndb5 d6 7. Bf4 e5 8.
Bg5 a6 9. Na3 b5 10. Nd5 Be7 11. Bxf6 Bxf6 12. c3 Bg5 13. g3 O-O 14. Bg2 Ne7
15. Nc2 Nxd5 16. Qxd5 Be6 17. Qd1 Qb6 18. Nb4 f5 19. Nd5 Qc5 20. O-O Bxd5 21.
Qxd5+ 1/2-1/2

[Event "DEM U12/U12w 2009"]
[Site "Willingen GER"]
[Date "2009.06.03"]
[Round "6"]
[White "Hirschmann, Jakob"]
[Black "Töws, Manuel"]
[Result "0-1"]
[Termination "normal"]
[Board "9"]
[WhiteElo "1678"]
[BlackElo "1863"]
[PlyCount "98"]
[WhiteFideId "24652067"]
[BlackFideId "24654485"]
[EventCountry "GER"]
[EventRounds "11"]
[EventType "swiss"]
[EventDate "2009.05.30"]

1. e4 c5 2. Nc3 Nc6 3. g3 g6 4. Bg2 Bg7 5. d3 d6 6. Be3 e6 7. Qd2 Nd4 8. Rc1
Qa5 9. f4 Ne7 10. Nf3 O-O 11. a3 Nec6 12. O-O Rb8 13. Kh1 b5 14. Nd1 Qxd2 15.
Nxd2 b4 16. a4 Ba6 17. Rg1 Ne2 18. Rb1 Nxg1 19. Bxg1 Bd4 20. Ne3 Bxe3 21. Bxe3
Nd4 22. Bxd4 cxd4 23. Nf3 b3 24. cxb3 Bxd3 25. Rd1 Bxe4 26. Nxd4 Bxg2+ 27. Kxg2
a6 28. Rd3 Rb6 29. a5 Rb7 30. Nf3 Rb5 31. b4 d5 32. Rb3 Rfb8 33. Ne5 Rxb4 34.
Rc3 Rxb2+ 35. Kh3 f6 36. Ng4 R2b7 37. Rc6 Kf7 38. Rxa6 Ke7 39. Kg2 Rd7 40. Nf2
Rb3 41. Ra8 d4 42. a6 Ra3 43. Rh8 Rxa6 44. Ne4 Ra2+ 45. Kg1 d3 46. Rxh7+ Kd8
47. Rxd7+ Kxd7 48. h4 d2 49. Nxd2 Rxd2 0-1

[Event "DEM U12/U12w 2009"]
[Site "Willingen GER"]
[Date "2009.06.03"]
[Round "6"]
[White "Lerch, Philipp"]
[Black "Myagkov, Kirill"]
[Result "1-0"]
[Termination "normal"]
[Board "10"]
[WhiteElo "1900"]
[BlackElo "1551"]
[PlyCount "87"]
[WhiteFideId "4654129"]
[BlackFideId "24657042"]
[EventCountry "GER"]
[EventRounds "11"]
[EventType "swiss"]
[EventDate "2009.05.30"]

1. e4 d5 2. exd5 Nf6 3. Nf3 Nxd5 4. d4 Bg4 5. c4 Nb6 6. c5 Nd5 7. Qb3 Bxf3 8.
Qxb7 Ne3 9. Qxf3 Nc2+ 10. Kd1 Nxa1 11. Qxa8 Qxd4+ 12. Nd2 Qd8 13. Bb5+ Nd7 14.
Bxd7+ Kxd7 15. c6+ Ke8 16. Qxd8+ Kxd8 17. b3 e6 18. Bb2 Bc5 19. Bxa1 Ke7 20.
Ke2 Rd8 21. Rd1 g6 22. Ne4 Rxd1 23. Kxd1 Bb6 24. Ke2 f5 25. Nd2 Kd6 26. Nc4+
Kxc6 27. Nxb6 cxb6 28. Kd3 Kd5 29. Bd4 e5 30. Bc3 b5 31. Bd2 h5 32. h4 f4 33.
f3 a6 34. b4 e4+ 35. fxe4+ Ke5 36. Bc3+ Ke6 37. Kd4 Kd6 38. e5+ Ke6 39. Kc5 g5
40. hxg5 h4 41. g6 f3 42. g7 f2 43. g8=Q+ Kf5 44. Qf7+ 1-0

[Event "DEM U12/U12w 2009"]
[Site "Willingen GER"]
[Date "2009.06.03"]
[Round "6"]
[White "Hansch, Stephan"]
[Black "Hansch, Karsten"]
[Result "1/2-1/2"]
[Termination "normal"]
[Board "11"]
[WhiteElo "1791"]
[BlackElo "1839"]
[PlyCount "52"]
[BlackFideId "24692239"]
[EventCountry "GER"]
[EventRounds "11"]
[EventType "swiss"]
[EventDate "2009.05.30"]

1. e4 e5 2. Nf3 Nc6 3. d4 exd4 4. Nxd4 Nxd4 5. Qxd4 Qf6 6. Qxf6 Nxf6 7. Nc3 d6
8. Nd5 Nxd5 9. exd5 Bg4 10. Be2 Bxe2 11. Kxe2 g6 12. Bg5 Be7 13. Bxe7 Kxe7 14.
Kd2 Rhe8 15. Rhe1+ Kd7 16. f4 f6 17. g4 h6 18. Rxe8 Rxe8 19. Re1 Rxe1 20. Kxe1
a6 21. f5 gxf5 22. gxf5 h5 23. h4 Ke7 24. a4 b5 25. b3 bxa4 26. bxa4 Kd7
1/2-1/2

[Event "DEM U12/U12w 2009"]
[Site "Willingen GER"]
[Date "2009.06.03"]
[Round "6"]
[White "Tennert, Simon"]
[Black "Richter, Leonard"]
[Result "1/2-1/2"]
[Termination "normal"]
[Board "12"]
[WhiteElo "1729"]
[BlackElo "1553"]
[PlyCount "62"]
[WhiteFideId "1270445"]
[BlackFideId "12900290"]
[EventCountry "GER"]
[EventRounds "11"]
[EventType "swiss"]
[EventDate "2009.05.30"]

1. e4 c6 2. d4 d5 3. e5 Bf5 4. Ne2 e6 5. Ng3 Bg6 6. h4 h6 7. h5 Bh7 8. Bd3 Bxd3
9. Qxd3 c5 10. c3 Nc6 11. O-O cxd4 12. cxd4 Bb4 13. Na3 a6 14. Nc2 Ba5 15. f4
Nge7 16. f5 exf5 17. Nxf5 Nxf5 18. Qxf5 O-O 19. Qg4 Qc8 20. Qg3 Kh8 21. Bxh6
gxh6 22. Rf6 Bd2 23. Ne3 Bxe3+ 24. Qxe3 Qg4 25. Qxh6+ Kg8 26. Raf1 Nxd4 27. Qe3
Ne6 28. R1f3 d4 29. Qd3 Nc5 30. Qc4 Ne6 31. Qd3 Nc5 1/2-1/2

[Event "DEM U12/U12w 2009"]
[Site "Willingen GER"]
[Date "2009.06.03"]
[Round "6"]
[White "Lieber, Carl"]
[Black "Kreyssig, Robert"]
[Result "1/2-1/2"]
[Termination "normal"]
[Board "13"]
[WhiteElo "1587"]
[BlackElo "1787"]
[PlyCount "75"]
[BlackFideId "4662881"]
[EventCountry "GER"]
[EventRounds "11"]
[EventType "swiss"]
[EventDate "2009.05.30"]

1. e4 g6 2. d4 Bg7 3. Nf3 c6 4. c4 d5 5. cxd5 cxd5 6. e5 Bg4 7. Be2 e6 8. O-O
Ne7 9. Nc3 O-O 10. Be3 Nbc6 11. h3 Bxf3 12. Bxf3 Nf5 13. Qd2 f6 14. exf6 Qxf6
15. Ne2 Ncxd4 16. Nxd4 Nxd4 17. Bxd4 Qxd4 18. Qxd4 Bxd4 19. Rfe1 Kf7 20. Rac1
Bb6 21. Bg4 Rae8 22. Rc3 e5 23. Re2 h5 24. Rf3+ Kg7 25. Rxf8 Kxf8 26. Bd7 Re7
27. Ba4 Kf7 28. Bb3 Ke6 29. Kf1 e4 30. Rxe4+ Kd6 31. Rxe7 Kxe7 32. Bxd5 Bd4 33.
b3 b6 34. Ke2 Kf6 35. f3 h4 36. Kd3 Bc5 37. Ke4 g5 38. Bc4 1/2-1/2

[Event "DEM U12/U12w 2009"]
[Site "Willingen GER"]
[Date "2009.06.03"]
[Round "6"]
[White "Bluhm, Sonja Maria"]
[Black "Sabirov, Ramil"]
[Result "0-1"]
[Termination "normal"]
[Board "14"]
[WhiteElo "1714"]
[BlackElo "1518"]
[PlyCount "46"]
[WhiteFideId "24654027"]
[BlackFideId "12900303"]
[EventCountry "GER"]
[EventRounds "11"]
[EventType "swiss"]
[EventDate "2009.05.30"]

1. e4 c5 2. Nf3 e6 3. d4 cxd4 4. Nxd4 Nc6 5. Nxc6 bxc6 6. Bd3 Nf6 7. O-O Qc7 8.
c4 Bc5 9. Nc3 O-O 10. Kh1 d5 11. cxd5 exd5 12. exd5 Ng4 13. g3 Nxf2+ 14. Rxf2
Bxf2 15. Qc2 Bb6 16. Bf4 Qe7 17. dxc6 Bg4 18. Bxh7+ Kh8 19. Be4 Rae8 20. h4 f6
21. h5 Qc5 22. Bg6 Bf3+ 23. Kh2 Re2+ 0-1

[Event "DEM U12/U12w 2009"]
[Site "Willingen GER"]
[Date "2009.06.03"]
[Round "6"]
[White "Manusina, Nicole"]
[Black "Wolff, Christopher"]
[Result "0-1"]
[Termination "normal"]
[Board "15"]
[WhiteElo "1685"]
[BlackElo "1494"]
[PlyCount "68"]
[WhiteFideId "24657514"]
[EventCountry "GER"]
[EventRounds "11"]
[EventType "swiss"]
[EventDate "2009.05.30"]

1. d4 d5 2. Nf3 Nc6 3. c4 e5 4. Nxe5 Nxe5 5. dxe5 d4 6. e3 Bb4+ 7. Bd2 dxe3 8.
Qa4+ Bd7 9. Qxb4 exd2+ 10. Nxd2 b6 11. O-O-O Ne7 12. f4 O-O 13. Ne4 Nc6 14. Qc3
Qe7 15. h4 Bg4 16. Rd2 Rfd8 17. Bd3 Nb4 18. Qa3 Nxd3+ 19. Rxd3 Qxa3 20. Rxa3
Rd4 21. Re1 Rxc4+ 22. Rc3 Rxc3+ 23. Nxc3 Rd8 24. Re3 a6 25. Rg3 h5 26. Re3 Kf8
27. Re4 Rd3 28. Re1 Rg3 29. Nd5 Rxg2 30. Nxc7 Bf5 31. Nxa6 Rc2+ 32. Kd1 Rxb2
33. a3 Rb3 34. Rg1 Rb1+ 0-1

[Event "DEM U12/U12w 2009"]
[Site "Willingen GER"]
[Date "2009.06.03"]
[Round "6"]
[White "Pixa, Richard"]
[Black "Volz, Alexander"]
[Result "0-1"]
[Termination "normal"]
[Board "16"]
[WhiteElo "1788"]
[BlackElo "1650"]
[PlyCount "112"]
[WhiteFideId "4626095"]
[BlackFideId "4669126"]
[EventCountry "GER"]
[EventRounds "11"]
[EventType "swiss"]
[EventDate "2009.05.30"]

1. e4 e5 2. Nf3 Nc6 3. Bb5 a6 4. Ba4 b5 5. Bb3 Be7 6. O-O Nf6 7. Re1 O-O 8. c3
d5 9. d4 Nxe4 10. dxe5 Be6 11. Nbd2 Nxd2 12. Qxd2 Na5 13. Bc2 c5 14. Qd3 g6 15.
Qd2 Re8 16. Qf4 Bf8 17. Qg3 Nc6 18. Bg5 Qd7 19. Bf6 Bf5 20. Bxf5 Qxf5 21. Rad1
Qd7 22. Re3 Ne7 23. Red3 Rad8 24. Qg5 Qe6 25. h4 Bg7 26. Bxg7 Kxg7 27. Nh2 f5
28. exf6+ Qxf6 29. Qxf6+ Kxf6 30. Ng4+ Kg7 31. Ne3 Rd7 32. Nxd5 c4 33. Rd4 Nxd5
34. Rxd5 Rxd5 35. Rxd5 Re1+ 36. Kh2 Re2 37. Rd6 Rxb2 38. Rxa6 Rxf2 39. Ra5 Rb2
40. Kg3 Kf6 41. Kf3 Rc2 42. Ra3 h5 43. Kg3 Rd2 44. Ra5 Rd3+ 45. Kh2 Rxc3 46.
Rxb5 Ra3 47. Rc5 c3 48. Kg1 Ke6 49. Kf2 Rxa2+ 50. Kf3 c2 51. g3 Kd6 52. Rc3 Ra3
53. Rxa3 c1=Q 54. Ra6+ Ke5 55. Rxg6 Qf1+ 56. Ke3 Qe1+ 0-1

[Event "DEM U12/U12w 2009"]
[Site "Willingen GER"]
[Date "2009.06.03"]
[Round "6"]
[White "Hümmecke, Aaron"]
[Black "Xiong, Ferdinand"]
[Result "1/2-1/2"]
[Termination "normal"]
[Board "17"]
[WhiteElo "1578"]
[BlackElo "1815"]
[PlyCount "63"]
[WhiteFideId "24692522"]
[BlackFideId "24654132"]
[EventCountry "GER"]
[EventRounds "11"]
[EventType "swiss"]
[EventDate "2009.05.30"]

1. e4 c5 2. c3 d5 3. exd5 Qxd5 4. d4 Nf6 5. dxc5 Qxd1+ 6. Kxd1 e5 7. b4 Be6 8.
Nf3 Nbd7 9. Bb5 O-O-O 10. Kc2 Bf5+ 11. Kb2 Ng4 12. Rf1 f6 13. h3 Nh6 14. Na3
Be6 15. Be3 Nf5 16. Rad1 Nxe3 17. fxe3 Be7 18. Nc4 Nb8 19. e4 Kc7 20. Ne3 a6
21. Ba4 Rxd1 22. Rxd1 Bd8 23. Rd6 Bf7 24. Nd5+ Kc8 25. Nd2 Bg6 26. Kc1 h5 27.
h4 Rh6 28. Nc4 Bxe4 29. Ncb6+ Bxb6 30. Nxb6+ Kc7 31. Na8+ Kc8 32. Nb6+ 1/2-1/2

[Event "DEM U12/U12w 2009"]
[Site "Willingen GER"]
[Date "2009.06.03"]
[Round "6"]
[White "Müller, Constantin"]
[Black "Imcke, Patrick"]
[Result "1/2-1/2"]
[Termination "normal"]
[Board "18"]
[WhiteElo "1565"]
[BlackElo "1711"]
[PlyCount "47"]
[WhiteFideId "24697630"]
[BlackFideId "4622502"]
[EventCountry "GER"]
[EventRounds "11"]
[EventType "swiss"]
[EventDate "2009.05.30"]

1. e4 e6 2. d4 d5 3. Nd2 Nf6 4. e5 Nfd7 5. Bd3 c5 6. c3 Nc6 7. Ngf3 Qb6 8. O-O
cxd4 9. cxd4 Nxd4 10. Nxd4 Qxd4 11. Nf3 Qg4 12. h3 Qb4 13. a3 Qb6 14. Qa4 Be7
15. Qg4 g6 16. b4 Qd8 17. Bh6 Bf8 18. Bxf8 Kxf8 19. Rac1 b6 20. h4 Bb7 21. h5
Kg7 22. Qg3 Re8 23. Kh2 Rc8 24. Rcd1 1/2-1/2

[Event "DEM U12/U12w 2009"]
[Site "Willingen GER"]
[Date "2009.06.03"]
[Round "6"]
[White "Gröning, Finn Jonathan"]
[Black "Schmücker, Felix"]
[Result "1/2-1/2"]
[Termination "normal"]
[Board "19"]
[WhiteElo "1513"]
[BlackElo "1657"]
[PlyCount "122"]
[WhiteFideId "1271634"]
[BlackFideId "12900273"]
[EventCountry "GER"]
[EventRounds "11"]
[EventType "swiss"]
[EventDate "2009.05.30"]

1. e4 d5 2. exd5 Nf6 3. d4 Nxd5 4. Nf3 Bg4 5. Be2 c6 6. h3 Bxf3 7. Bxf3 g6 8.
O-O Bg7 9. c3 O-O 10. Re1 e6 11. Qb3 Qc7 12. Bxd5 cxd5 13. Bg5 Nd7 14. Bh4 Rfc8
15. Bg3 Qc6 16. Nd2 b5 17. Nf3 a5 18. a3 Qc4 19. Qd1 b4 20. cxb4 axb4 21. b3
Qb5 22. a4 Qb6 23. Rc1 Nf6 24. Be5 Ne4 25. Qd3 Bh6 26. Ra1 Rc3 27. Qb5 Qa5 28.
Reb1 Rxb3 29. Qxa5 Rxb1+ 30. Rxb1 Rxa5 31. Rxb4 Bf8 32. Rb8 Rxa4 33. Nd2 Nxd2
34. Bd6 Kg7 35. Be5+ f6 36. Rb7+ Kg8 37. Bxf6 Ne4 38. Be5 Ra1+ 39. Kh2 Bd6 40.
Bxd6 Nxd6 41. Rb6 Nf5 42. Rxe6 Nxd4 43. Rd6 Ra5 44. g4 Kf8 45. Rd7 Nf3+ 46. Kg3
Ng5 47. Kh4 Nf7 48. f4 h6 49. f5 g5+ 50. Kh5 Ra3 51. Rxd5 Kg7 52. f6+ Kxf6 53.
h4 Rh3 54. Rf5+ Kg7 55. Rxg5+ Kh7 56. Rf5 Re3 57. g5 hxg5 58. hxg5 Rg3 59. Kh4
Rg1 60. Rxf7+ Kg6 61. Rf6+ Kg7 1/2-1/2

[Event "DEM U12/U12w 2009"]
[Site "Willingen GER"]
[Date "2009.06.03"]
[Round "6"]
[White "Keller, Peter"]
[Black "Ruff, Maximilian"]
[Result "1-0"]
[Termination "normal"]
[Board "20"]
[WhiteElo "1458"]
[BlackElo "1651"]
[PlyCount "41"]
[WhiteFideId "1272105"]
[BlackFideId "1271670"]
[EventCountry "GER"]
[EventRounds "11"]
[EventType "swiss"]
[EventDate "2009.05.30"]

1. e4 e5 2. Nf3 Nc6 3. Bc4 Bc5 4. c3 Nf6 5. d4 exd4 6. cxd4 Bb4+ 7. Nc3 Nxe4 8.
O-O Bxc3 9. d5 Bf6 10. Re1 Ne7 11. Rxe4 d6 12. Bg5 Bxg5 13. Nxg5 O-O 14. Nxh7
Kxh7 15. Qh5+ Kg8 16. Rh4 f5 17. Qh7+ Kf7 18. Rh6 Bd7 19. Be2 Re8 20. Bh5+ Kf8
21. Rf6+ 1-0